[Event "22nd Hampstead: Under 2200"]
[Site "London, England"]
[Date "2014.10.25"]
[Round "1"]
[White "Parry, Jacques"]
[Black "Villiers, Tom"]
[Result "1/2-1/2"]
[WhiteElo "1751"]
[BlackElo "2050"]

1. e4 Nf6 2. e5 Nd5 3. d4 d6 4. Nf3 dxe5 5. Nxe5 g6 6. Be2 Bg7 7. O-O c6 8. c4
Nc7 9. Nc3 O-O 10. Be3 Nd7 11. Nf3 Nb6 12. Qd2 Bg4 13. b3 Qd7 14. Ne5 Bxe5 15.
dxe5 Qxd2 16. Bxd2 Bxe2 17. Nxe2 Rfd8 18. Bg5 Rd7 19. Rad1 Rad8 20. Nc3 Ne6
21. Be3 Rd3 22. Rxd3 Rxd3 23. Ne4 Nd7 24. Re1 Nd4 25. Bxd4 Rxd4 26. f4 f5 27.
exf6 exf6 28. g3 Kf7 29. Kf2 b6 30. Re2 h6 31. Rd2 Rxd2+ 32. Nxd2 Nc5 33. Ke3
a5 34. Ne4 Nb7 35. Kd4 Ke6 36. Ke3 f5 37. Nc3 Nc5 38. Kd4 Kd6 39. Ke3 Nd7 40.
Kd4 Nf6 41. h3 Nh5 42. Ne2 Ng7 43. Nc1 Ne6+ 44. Ke3 Nc5 45. Ne2 Ne4 46. g4 c5
47. gxf5 gxf5 48. Kf3 a4 49. Ke3 a3 50. h4 Ke7 51. Kd3 Kf7 52. h5 Ke6 53. Ke3
Kd7 54. Kd3 Kc6 55. Nc3 Nf6 56. Nb5 Nxh5 57. Ke3 Ng3 58. Nxa3 h5 59. Nc2 h4
60. Kf2 Nh5 61. Ne3 Nxf4 62. Nxf5 h3 63. Ng3 Nd3+ 64. Kg1 Nc1 65. Kh2 Nxa2 66.
Kxh3 Nc1 67. Kg4 Nxb3 68. Ne4 Na5 69. Nd2 Nxc4 70. Nxc4 b5 71. Ne3 b4 72. Kf4
b3 73. Nd1 Kb5 74. Ke3 Kb4 75. Kd2 c4 76. Nc3 Ka3 77. Kc1 b2+ 78. Kc2 Kb4 {#d}
1/2-1/2

[Event "22nd Hampstead: Under 2200"]
[Site "London, England"]
[Date "2014.10.25"]
[Round "1"]
[White "Rogers, Tim L"]
[Black "Jain, Gautam"]
[Result "1-0"]
[WhiteElo "2035"]
[BlackElo "1735"]

1. e4 e5 2. Nf3 Nc6 3. d4 exd4 4. Nxd4 Nf6 5. Nxc6 bxc6 6. Bd3 d5 7. exd5 cxd5
8. O-O Be7 9. Bf4 O-O 10. Nc3 c6 11. Qf3 Bg4 12. Qg3 Qd7 13. h3 Nh5 14. Qh2
Nxf4 15. Qxf4 Be6 16. Ne2 c5 17. Rad1 Bd6 18. Qh4 Bf5 19. Nf4 Bxd3 20. Rxd3 d4
21. Nh5 Qf5 22. f4 Be7 23. Qxe7 Qxh5 24. Re1 f6 25. Rg3 Rf7 26. Qe6 Rd8 27.
Ra3 Kf8 28. f5 Rc7 29. Ra6 Qe8 30. Qxe8+ Rxe8 31. Rxe8+ Kxe8 32. Kf2 c4 33.
Ke2 Kf7 34. Rd6 Re7+ 35. Kd2 Re4 36. g4 c3+ 37. bxc3 dxc3+ 38. Kxc3 Re3+ 39.
Rd3 Re7 40. a4 g6 41. fxg6+ Kxg6 42. Kd4 Re5 43. c4 a5 44. Kc3 h5 45. gxh5+
Rxh5 46. Kd4 Kf7 47. Re3 f5 48. Ke5 f4+ 49. Kxf4 Rh4+ 50. Kf5 Rxc4 51. Re4
Rc5+ 52. Re5 Rc3 53. h4 Rc4 54. Re4 Rc5+ 55. Kf4 Kf6 56. Kg4 Kg6 57. Rd4 Rc1
58. Kf4 Rc5 59. Ke4 Rh5 60. Kd3 Rc5 61. Rf4 Re5 62. Kd4 Rh5 63. Kc4 Re5 64.
Rd4 Kf6 65. Rf4+ Kg6 66. Kc3 Rd5 67. Kc4 Re5 68. Rd4 Kf6 69. Rd6+ Kg7 70. Rd5
Re4+ 71. Kb5 Rxh4 72. Kxa5 Rh6 73. Kb5 Kf7 74. a5 Ke7 75. a6 Rh1 76. a7 Rb1+
77. Ka6 Ra1+ 78. Ra5 Rd1 79. a8=Q Rd6+ 80. Kb5 Re6 81. Ra7+ Kf6 82. Ra6 {#r}
1-0

[Event "22nd Hampstead: Under 2200"]
[Site "London, England"]
[Date "2014.10.25"]
[Round "1"]
[White "Wen, Jackson"]
[Black "Bonafont, Philip R"]
[Result "1-0"]
[WhiteElo "1703"]
[BlackElo "2030"]

1. e4 c5 2. Nf3 d6 3. d4 cxd4 4. Nxd4 Nf6 5. Nc3 a6 6. Be2 e5 7. Nb3 Be7 8.
O-O O-O 9. f4 b5 10. a3 Bb7 11. Bf3 Nbd7 12. Qe1 Rc8 13. Qg3 Rxc3 14. bxc3
Nxe4 15. Bxe4 Bxe4 16. Qf2 Qc7 17. Qe2 Bb7 18. Bd2 Nf6 19. Rad1 Nd5 20. f5
Nxc3 21. Bxc3 Qxc3 22. Rd3 Qc7 23. f6 Bd8 24. Rh3 Bc8 25. Rg3 g6 26. Qd2 Qc4
27. Rd3 Qh4 28. Rxd6 Bc7 29. Rc6 Bb8 30. Rc3 e4 31. h3 e3 32. Qxe3 Bb7 33. Qe7
Qd4+ 34. Nxd4 {#r} 1-0

[Event "22nd Hampstead: Under 2200"]
[Site "London, England"]
[Date "2014.10.25"]
[Round "1"]
[White "Prior, Stephen CV"]
[Black "Pattni, Kishan"]
[Result "1-0"]
[WhiteElo "2028"]
[BlackElo "1696"]

1. e4 c5 2. Nf3 e6 3. d4 cxd4 4. Nxd4 d5 5. Bb5+ Bd7 6. exd5 exd5 7. O-O Nf6
8. Re1+ Be7 9. Nf5 Bxb5 10. Nxe7 Kf8 11. b3 g5 12. Bxg5 {#r} 1-0

[Event "22nd Hampstead: Under 2200"]
[Site "London, England"]
[Date "2014.10.25"]
[Round "1"]
[White "Pepe, Salvatore"]
[Black "Misyura, Ilya"]
[Result "1/2-1/2"]
[WhiteElo "1694"]
[BlackElo "1666"]

1. d4 Nf6 2. Nf3 g6 3. c4 Bg7 4. Nc3 O-O 5. e4 d6 6. h3 e5 7. d5 Na6 8. Bg5 h6
9. Be3 Ne8 10. Qd2 Kh7 11. g4 Qe7 12. g5 h5 13. O-O-O Nc5 14. Rg1 Bd7 15. Nh4
Kg8 16. Re1 b6 17. f4 exf4 18. Bxf4 Be5 19. Bxe5 dxe5 20. Qh2 Nd6 21. Qg3 Kg7
22. Re3 Na4 23. Nxa4 Bxa4 24. b3 Bd7 25. Be2 Rh8 26. Rf1 a5 27. Rf6 Ne8 28.
Ref3 Nd6 29. Bd3 Rhf8 30. Rf2 a4 31. b4 Nb7 32. a3 Rac8 33. Nf3 Rce8 34. Nd2
Rc8 35. Nb1 Nd8 36. Bc2 Be8 37. Nc3 Ra8 38. Bd1 Rh8 39. Rd2 Nb7 40. Ne2 Nd6
41. Qd3 Nb7 42. Ng1 Bd7 43. Rdf2 Raf8 44. Qc3 Nd6 45. Bc2 Ne8 46. c5 bxc5 47.
bxc5 Kg8 48. c6 Bc8 49. Bxa4 Nxf6 50. Rxf6 Kg7 51. Bb5 Rd8 52. a4 Rd6 53. Qb4
Re8 54. a5 Rxf6 55. gxf6+ Qxf6 56. Qc5 Qf4+ 57. Kb2 Qxe4 58. Ne2 Qf3 59. d6
cxd6 60. Qxd6 Qf6 61. Qc5 Qe7 62. Qc3 Qa7 63. c7 Qb7 64. Qc5 Bd7 65. Nc3 Bxb5
66. Nxb5 Qg2+ 67. Ka3 Qxh3+ 68. Ka4 Qg4+ 69. Ka3 h4 70. Nd6 Qg3+ 71. Ka4 Rh8
72. Qd5 Qf4+ 73. Kb5 Qf1+ 74. Kb6 Qb1+ 75. Ka6 Qf1+ 76. Kb7 Qb1+ 77. Kc6 Qc2+
78. Kd7 Qf2 79. Qxe5+ Kh7 80. Qxh8+ Kxh8 81. c8=Q+ Kh7 82. Qc4 Qa7+ 83. Kc6
Qa8+ 84. Nb7 Qc8+ 85. Kb5 Qxb7+ 86. Ka4 Qd7+ 87. Kb4 h3 88. a6 Qd2+ 89. Kb5 h2
90. Qxf7+ Kh6 91. Qf8+ Kg5 92. Qc5+ Kg4 93. Qc4+ Qf4 94. Qe2+ Kf5 95. Qd3+ Kg5
96. Qd8+ Kh5 97. Qd1+ Kh6 98. a7 Qe5+ 99. Kb6 Qb2+ 100. Kc7 Qc3+ 101. Kb7 Qb4+
102. Kc7 Qc4+ 103. Kb6 Qe6+ 104. Kc7 Qe7+ 105. Kb6 Qe3+ 106. Ka6 Qa3+ 107. Kb6
{#d} 1/2-1/2

[Event "22nd Hampstead: Under 2200"]
[Site "London, England"]
[Date "2014.10.25"]
[Round "1"]
[White "Hayward, Alan"]
[Black "Nayak, Raghav"]
[Result "1/2-1/2"]
[WhiteElo "1973"]
[BlackElo "1690"]

1. d4 Nf6 2. Nc3 d5 3. Bg5 Nbd7 4. Nf3 g6 5. e3 Bg7 6. Bd3 O-O 7. O-O c6 8.
Re1 Re8 9. Qe2 e5 10. e4 exd4 11. Nb1 dxe4 12. Bxe4 h6 13. Bxf6 Nxf6 14. Qd3
Nxe4 15. Rxe4 Rxe4 16. Qxe4 Bf5 17. Qe2 d3 18. cxd3 Qxd3 19. Qxd3 Bxd3 20. Nc3
Re8 21. Rd1 Bf5 22. h3 Bf6 23. Nd4 Rd8 24. Nxf5 Rxd1+ 25. Nxd1 gxf5 26. Kf1
Bd4 27. b3 Kf8 28. Ke2 Ke7 29. Kd3 c5 30. Kc4 Kd6 31. b4 b6 32. f4 a6 33. a4
b5+ 34. axb5 axb5+ 35. Kxb5 cxb4 36. Kc4 Bg1 37. Nb2 Be3 38. Nd3 b3 39. Kxb3
Kd5 40. Ne5 Bxf4 41. Nxf7 h5 42. Kc2 Ke4 43. Kd1 Ke3 44. Ke1 {#d} 1/2-1/2

[Event "22nd Hampstead: Under 2200"]
[Site "London, England"]
[Date "2014.10.25"]
[Round "1"]
[White "Hung, Jake"]
[Black "Briggs, John Nicholas"]
[Result "0-1"]
[WhiteElo "1683"]
[BlackElo "1955"]

1. c4 Nf6 2. g3 c6 3. Bg2 d5 4. d4 Bf5 5. Nc3 e6 6. Nf3 Nbd7 7. b3 Be7 8. O-O
O-O 9. Nh4 Bg4 10. h3 Bh5 11. g4 Bg6 12. f4 Be4 13. Nf3 c5 14. g5 Nh5 15. Nxe4
dxe4 16. Nd2 Ng3 17. Re1 cxd4 18. Nxe4 Nf5 19. Kh1 Qc7 20. e3 dxe3 21. Bxe3
Rad8 22. Qg4 Kh8 23. h4 Nc5 24. Bxc5 Bxc5 25. Bh3 Ne3 26. Qh5 Bd4 {#R} 0-1

[Event "22nd Hampstead: Under 2200"]
[Site "London, England"]
[Date "2014.10.25"]
[Round "1"]
[White "Landau, Jonathan"]
[Black "Ngulube, Michael"]
[Result "1-0"]
[WhiteElo "1945"]
[BlackElo "1660"]

1. e4 e5 2. Nf3 Nc6 3. d4 exd4 4. Bc4 Nf6 5. e5 d5 6. Bb5 Ne4 7. Nxd4 Bd7 8.
Bxc6 bxc6 9. O-O Bc5 10. f3 Ng5 11. f4 Ne6 12. c3 O-O 13. f5 Nxd4 14. cxd4 Bb6
15. Qg4 Re8 16. Kh1 g6 17. Bg5 Qc8 18. Bf6 Bxf5 19. Qg5 Re6 20. Rxf5 Bxd4 21.
Nc3 Be3 22. Qxe3 gxf5 23. Qg5+ Kf8 24. Qg7+ Ke8 25. Qg8+ Kd7 26. Qxf7+ {#r}
1-0

[Event "22nd Hampstead: Under 2200"]
[Site "London, England"]
[Date "2014.10.25"]
[Round "1"]
[White "Hinterreither, Nikolai"]
[Black "Bedi, Adam"]
[Result "0-1"]
[WhiteElo "1652"]
[BlackElo "1916"]

1. e4 c5 2. a3 d6 3. b4 cxb4 4. axb4 Nf6 5. d3 g6 6. Nd2 Bg7 7. Rb1 O-O 8. Be2
a6 9. Ngf3 Nc6 10. O-O Bd7 11. d4 Qc7 12. d5 Na7 13. Ne1 Nb5 14. Bxb5 Bxb5 15.
Nd3 Rac8 16. Re1 Qxc2 17. Qxc2 Rxc2 18. Nf4 Nd7 19. Nf3 Rfc8 20. Be3 R2c4 21.
Rec1 Ne5 22. Nd4 Bd7 23. h3 Rxc1+ 24. Rxc1 Rxc1+ 25. Bxc1 Nc4 26. Nc2 Bc3 27.
Ne2 Bf6 28. Ne3 Bb5 29. Nxc4 Bxc4 30. Ng3 Bc3 31. Ba3 b5 32. Nh1 a5 33. bxa5
Bxa5 34. Bb2 Bb6 35. Ng3 b4 36. Nf1 e6 37. dxe6 fxe6 38. Nd2 Bd3 39. g3 e5 40.
Kg2 Bd4 41. Bxd4 exd4 42. Kf3 Bc2 43. Nc4 b3 44. Kf4 Kg7 45. h4 Kf6 46. g4 Ke6
47. g5 Bxe4 48. Nd2 Bc2 49. Nxb3 Bxb3 50. Ke4 d5+ 51. Kxd4 Kf5 {#R} 0-1

[Event "22nd Hampstead: Under 2200"]
[Site "London, England"]
[Date "2014.10.25"]
[Round "1"]
[White "Bryant, Jon"]
[Black "Snook-Lumb, Chris"]
[Result "1/2-1/2"]
[WhiteElo "1885"]
[BlackElo "1640"]

1. d4 f5 2. g3 Nf6 3. Bg2 e6 4. Nf3 d5 5. O-O Bd6 6. c4 c6 7. Nc3 O-O 8. Qc2
Nbd7 9. Rb1 b6 10. cxd5 cxd5 11. Nb5 Qe7 12. Qc6 Ba6 13. Qxd6 Qxd6 14. Nxd6
Rfd8 15. a4 Bxe2 16. Re1 Bd3 17. Ra1 a6 18. Rxe6 Nf8 19. Re3 Be4 20. Nxe4 dxe4
21. Nd2 Rxd4 22. Bf1 Rad8 23. Bxa6 Rxd2 24. Bxd2 Rxd2 25. Re2 Rd4 26. a5 bxa5
27. Rxa5 Ne6 28. Rc2 Kf7 29. Rxf5 Kg6 30. Ra5 Ng5 31. Bc4 Nf3+ 32. Kf1 Rd1+
33. Kg2 Rg1+ 34. Kh3 Rh1 35. g4 Rg1 36. Be2 Nd4 37. Rac5 Ne6 38. Re5 Nf4+ 39.
Kh4 Ng2+ 40. Kh3 Nf4+ 41. Kh4 Ng2+ {#d} 1/2-1/2

[Event "22nd Hampstead: Under 2200"]
[Site "London, England"]
[Date "2014.10.25"]
[Round "1"]
[White "Gladstone, Joel"]
[Black "Jacob, Sydney J"]
[Result "0-1"]
[WhiteElo "1615"]
[BlackElo "1885"]

1. d4 g6 2. Nc3 Bg7 3. e4 c5 4. Nf3 cxd4 5. Nxd4 Nc6 6. Nde2 d6 7. Bd2 Nf6 8.
Rb1 O-O 9. Qc1 Bd7 10. Bh6 Rc8 11. Bxg7 Kxg7 12. a3 a6 13. f3 e5 14. Qe3 Qa5
15. Rd1 Qc5 16. Qd3 Rfd8 17. Qxd6 Qa5 18. Qd3 Be6 19. Qe3 b5 20. Rxd8 Rxd8 21.
Kf2 b4 22. Nb1 Nd4 23. axb4 Qa4 24. Nxd4 Rxd4 25. c3 Rd1 26. Nd2 Qc2 27. Kg3
Rxd2 28. Rg1 h6 29. h3 Nh5+ 30. Kh4 Nf4 31. g4 Ng2+ 32. Bxg2 Rxg2 33. Rxg2
Qxg2 34. f4 exf4 35. Qd3 {#R} 0-1

[Event "22nd Hampstead: Under 2200"]
[Site "London, England"]
[Date "2014.10.25"]
[Round "1"]
[White "Paveliuc, Alin-Dumitru"]
[Black "Wu, Haotian"]
[Result "1/2-1/2"]
[WhiteElo "1878"]
[BlackElo "1612"]

1. b3 Nf6 2. Bb2 e6 3. d3 d5 4. Nf3 c5 5. Nbd2 Nc6 6. e4 d4 7. Be2 e5 8. O-O
Be7 9. Nc4 Qc7 10. a4 O-O 11. Ne1 Nd7 12. g3 f5 13. f4 Nb6 14. Nxe5 fxe4 15.
dxe4 Bh3 16. Ng2 Nxe5 17. fxe5 Qxe5 18. Qd3 Bg5 19. c3 Rfe8 20. cxd4 cxd4 21.
a5 Nd7 22. Bf3 Nc5 23. Qc4+ Be6 24. Qb4 Rad8 25. Rad1 Bf6 26. Nf4 Bf7 27. Nd5
Bxd5 28. exd5 Qe3+ 29. Kh1 Nd3 30. Qd2 Nxb2 31. Qxb2 Qc3 32. Qa2 Re3 33. Qg2
d3 34. Be4 Re2 35. Qf3 Qb2 36. Rxd3 Rxh2+ 37. Kg1 Rh6 38. Qf2 Qe5 39. Qf5 Qb2
40. Qf2 Qe5 {#d} 1/2-1/2

[Event "22nd Hampstead: Under 2200"]
[Site "London, England"]
[Date "2014.10.25"]
[Round "1"]
[White "Gribben, Chris"]
[Black "Barasi, Paul DI"]
[Result "0-1"]
[WhiteElo "1586"]
[BlackElo "1865"]

1. e4 c5 2. Nf3 a6 3. d3 Nc6 4. g3 Nf6 5. Bg2 d5 6. Qe2 Bg4 7. O-O Nd4 8. Qd1
dxe4 9. dxe4 Nxe4 10. c3 Nxf3+ 11. Bxf3 Qxd1 12. Bxd1 Bxd1 13. Rxd1 Rd8 14.
Re1 Nf6 15. Nd2 e6 16. Nf3 Be7 17. Kg2 O-O 18. c4 Nd7 19. b3 Bf6 20. Rb1 Rfe8
21. Be3 b6 22. Rbd1 Bc3 23. Bd2 Bxd2 24. Rxd2 Kf8 25. Red1 Ke7 26. Ng5 h6 27.
Ne4 Nb8 28. Kf3 Rxd2 29. Rxd2 Nc6 30. Ke3 Nd4 31. Nc3 Rd8 32. Na4 Rd6 33. Nc3
Rc6 34. Ne4 f5 35. Nc3 g5 36. Ne2 Nxe2 37. Kxe2 Rd6 38. f4 e5 39. fxe5 Rxd2+
40. Kxd2 Ke6 41. Ke3 Kxe5 42. h3 b5 43. a3 bxc4 44. bxc4 h5 {#R} 0-1

[Event "22nd Hampstead: Under 2200"]
[Site "London, England"]
[Date "2014.10.25"]
[Round "1"]
[White "Huang, Dion"]
[Black "Silverman, Clifford"]
[Result "1-0"]
[WhiteElo "1844"]
[BlackElo "1585"]

1. d4 d5 2. Nf3 e6 3. c4 c6 4. e3 Nf6 5. Bd3 Be7 6. O-O O-O 7. Nc3 Re8 8. e4
dxe4 9. Nxe4 Nbd7 10. Bf4 Nxe4 11. Bxe4 f5 12. Bc2 Nf6 13. Re1 Bd6 14. Ne5 Bd7
15. Bg5 Be7 16. Bb3 Ne4 17. Bxe7 Qxe7 18. f3 Nf6 19. Qd2 Rad8 20. Rad1 Bc8 21.
c5 Qc7 22. Nc4 Kf8 23. Nd6 Re7 24. Qe2 Nd5 25. Qe5 b6 26. Bc4 b5 27. Bb3 a5
28. a3 a4 29. Ba2 Nf6 30. Re2 Ne8 31. Nxc8 Qxe5 32. Rxe5 Rxc8 33. Rxe6 g6 34.
Rxe7 Kxe7 35. Kf2 Nf6 36. Re1+ Kf8 37. Re6 Nh5 38. g3 Ng7 39. Rf6+ Ke8 40. Rf7
Nh5 41. Rxh7 Rd8 42. Rh8+ Ke7 43. Rxd8 Kxd8 44. Bf7 Ng7 45. Bxg6 Ke7 46. h4
Ke6 47. h5 Kf6 48. h6 Kxg6 49. hxg7 Kxg7 50. d5 cxd5 {#r} 1-0

[Event "22nd Hampstead: Under 2200"]
[Site "London, England"]
[Date "2014.10.25"]
[Round "1"]
[White "Covey, Jason"]
[Black "Finnegan, Oliver"]
[Result "0-1"]
[WhiteElo "1547"]
[BlackElo "1838"]

1. e4 e6 2. d4 d5 3. Nd2 c5 4. c3 Nc6 5. Ngf3 Nf6 6. e5 Nd7 7. Bd3 Qb6 8. Qa4
Be7 9. O-O a6 10. Re1 Qa7 11. Nf1 b5 12. Qd1 cxd4 13. cxd4 Nxd4 14. Nxd4 Qxd4
15. Bxb5 Qxd1 16. Bxd7+ Bxd7 17. Rxd1 Rb8 18. b3 O-O 19. Ng3 Rfc8 20. Bf4 Ba3
21. Ne4 Rb4 22. f3 Rc7 23. Bd2 dxe4 24. Bxb4 Bxb4 25. fxe4 Bc5+ 26. Kf1 Bb5+
27. Ke1 Bb4+ 28. Kf2 Rc2+ 29. Kg3 h5 30. a3 Bc3 31. Rac1 Bxe5+ 32. Kh3 Ra2 33.
Rc5 f6 34. a4 Be2 35. Re1 Bg4+ 36. Kh4 g5# 0-1

[Event "22nd Hampstead: Under 2200"]
[Site "London, England"]
[Date "2014.10.25"]
[Round "1"]
[White "Clayton, Tristan"]
[Black "Isaksen, Peter A"]
[Result "1-0"]
[WhiteElo "1836"]
[BlackElo "1540"]

1. e4 e5 2. Nf3 Nc6 3. d4 exd4 4. c3 dxc3 5. Bc4 cxb2 6. Bxb2 Bb4+ 7. Nbd2 Nf6
8. O-O O-O 9. e5 Ne8 10. Ne4 Na5 11. Bd3 h6 12. Qa4 Nc6 13. a3 Be7 14. Rfd1 d6
15. Ng3 Bd7 16. Qe4 f5 17. exf6 Nxf6 18. Bxf6 Bxf6 19. Qh7+ Kf7 20. Bg6+ Ke7
21. Re1+ Ne5 22. Nf5+ Bxf5 23. Bxf5 Kf7 24. Nxe5+ dxe5 25. Rad1 Qxd1 26. Rxd1
Rad8 27. Qg6+ Kg8 28. Rxd8 Rxd8 29. g3 c5 30. Be6+ Kh8 31. Qf7 b5 32. Qxa7 c4
33. Qc5 e4 34. Bf5 c3 35. Bxe4 Rb8 36. Qf5 Kg8 37. Qh7+ Kf7 38. Bd5+ Ke7 39.
Qe4+ Kd6 40. Bb3 Kc7 41. Qf4+ Kc8 42. Qd6 h5 43. Be6+ Kb7 44. Qc5 Re8 {#r} 1-0

[Event "22nd Hampstead: Under 2200"]
[Site "London, England"]
[Date "2014.10.25"]
[Round "1"]
[White "Xu, David"]
[Black "Anbukumar, Hajane"]
[Result "1-0"]
[WhiteElo "1537"]
[BlackElo "1833"]

1. Nf3 f5 2. g3 Nf6 3. Bg2 g6 4. O-O Bg7 5. d4 d6 6. c4 O-O 7. Nc3 c6 8. Re1
Ne4 9. Qc2 Nxc3 10. Qxc3 Na6 11. e3 Qc7 12. b3 e5 13. Bb2 e4 14. Nd2 c5 15. a3
Bd7 16. Qc2 Rae8 17. Rad1 Bf6 18. Nb1 Bc6 19. d5 Bd7 20. Nc3 Re7 21. Re2 Nb8
22. Red2 Be8 23. Ne2 Bxb2 24. Qxb2 g5 25. Rc1 Nd7 26. b4 Ne5 27. bxc5 Qxc5 28.
Qb4 Nd3 29. Qxc5 Nxc5 30. Nd4 b6 31. Bf1 Rf6 32. Rb1 h5 33. Be2 f4 34. exf4
gxf4 35. Nc6 Bxc6 36. dxc6 f3 37. Bf1 Rc7 38. Rd5 h4 39. Rg5+ Kf8 40. gxh4
Rxc6 41. Rd1 Rc7 42. Rgd5 Rd7 43. Kh1 Ke7 44. Bh3 Rd8 45. Bf1 Rh8 46. h5 Rfh6
47. h3 Rg8 48. R1d4 Re6 49. Rd1 Rg7 50. Re1 Rh7 51. Rf5 Nd7 52. h4 Nc5 53. Bh3
Nd3 54. Rf1 Re5 55. Rxe5+ dxe5 56. Bg4 Rg7 57. Bh3 Kf6 58. Kh2 Nf4 59. h6 Rh7
60. Bg4 Rxh6 61. Kg3 Ne2+ 62. Kh3 Nf4+ 63. Kg3 Ng2 64. Rh1 Rg6 65. Rg1 Nf4 66.
Rf1 Ne2+ 67. Kh3 Rh6 68. Rh1 Nd4 69. Re1 Nf5 70. h5 Nd6 71. Rc1 Nb7 72. Rd1
Nc5 73. Rd6+ Kg5 74. Rd8 Rf6 75. Kg3 Kh6 76. Rh8+ Kg7 77. Re8 Nd3 78. Re7+ Rf7
79. h6+ Kg8 80. Be6 {#r} 1-0

[Event "22nd Hampstead: Under 2200"]
[Site "London, England"]
[Date "2014.10.25"]
[Round "1"]
[White "Jekel, Wolfgang"]
[Black "Rajesh, Gorak"]
[Result "1-0"]
[WhiteElo "1812"]
[BlackElo "1529"]

1. f4 e5 2. fxe5 d6 3. Nf3 dxe5 4. e4 Nc6 5. Bb5 Bc5 6. d3 a6 7. Bxc6+ bxc6 8.
Qe2 Qd6 9. Nc3 Ne7 10. Be3 Bd4 11. Nd1 Rb8 12. Rb1 Be6 13. a3 O-O 14. Bxd4
exd4 15. O-O f6 16. c4 Ng6 17. Nf2 c5 18. b4 cxb4 19. axb4 Rxb4 20. Rxb4 Qxb4
21. Nxd4 Bd7 22. Qa2 a5 23. Rb1 Qc3 24. Ne2 Qe5 25. d4 Qh5 26. Ng3 Qg5 27. c5+
Kh8 28. Qxa5 Qe3 29. Qxc7 Be6 30. d5 Ne5 31. dxe6 Ng4 32. Rf1 Ra8 33. e7 Nxf2
34. Qd8+ {#r} 1-0

[Event "22nd Hampstead: Under 2200"]
[Site "London, England"]
[Date "2014.10.25"]
[Round "1"]
[White "Tombolis, Christopher"]
[Black "Grundy, Thomas"]
[Result "0-1"]
[WhiteElo "1487"]
[BlackElo "1806"]

1. d4 Nf6 2. c4 g6 3. Nc3 Bg7 4. e4 d6 5. Nf3 O-O 6. Be2 e5 7. d5 a5 8. h3 Na6
9. Be3 Ne8 10. O-O f5 11. a3 Nf6 12. Qc2 b6 13. Rac1 Nc5 14. Bd3 Bd7 15. Rfe1
fxe4 16. Bxc5 exd3 17. Qxd3 bxc5 18. a4 e4 19. Nxe4 Nxe4 20. Qxe4 Bxb2 21.
Rcd1 Re8 22. Qf4 Rxe1+ 23. Rxe1 Qf8 24. Qe3 Re8 25. Qd2 Rxe1+ 26. Qxe1 Bxa4
27. Qxa5 Bd1 28. Qxc7 Bxf3 29. gxf3 Qxf3 30. Qxd6 Bd4 31. Qd8+ Kg7 32. Qe7+
Kh6 33. Qh4+ Qh5 34. Qf4+ Qg5+ 35. Qxg5+ Kxg5 36. Kf1 Kf5 37. Ke2 Ke4 38. f3+
Kf4 39. Kd2 Kxf3 40. Kd3 Be5 41. Kc2 Kg3 42. Kb3 Kxh3 43. Ka4 g5 44. Kb5 g4
45. Kxc5 g3 46. d6 Bxd6+ 47. Kxd6 g2 48. c5 g1=Q 49. c6 Qd4+ 50. Kc7 Kg4 51.
Kb7 Qb4+ 52. Kc8 Qb6 53. c7 Qxc7+ {#R} 0-1

[Event "22nd Hampstead: Under 2200"]
[Site "London, England"]
[Date "2014.10.25"]
[Round "1"]
[White "Bishop, Geoffrey L"]
[Black "Gelain-Sohn, Elias"]
[Result "0-1"]
[WhiteElo "1804"]
[BlackElo "1412"]

1. e4 e6 2. d4 d5 3. Nc3 Nf6 4. Bg5 Be7 5. e5 Nfd7 6. h4 f6 7. exf6 Nxf6 8.
Bd3 O-O 9. Nh3 Qe8 10. Nf4 Qf7 11. Qe2 Nc6 12. Nb5 Bd8 13. c3 a6 14. Na3 Ne7
15. Nc2 h6 16. O-O-O c6 17. Bxf6 Qxf6 18. g3 Bc7 19. Nh3 e5 20. dxe5 Bxe5 21.
f4 Bc7 22. Ne3 Bxh3 23. Rxh3 Qe6 24. Rhh1 Nf5 25. Nxf5 Qxe2 26. Nxh6+ Kh8 27.
Bxe2 gxh6 28. Bd3 Rae8 29. Rde1 b5 30. Kd2 c5 31. Bg6 Rd8 32. Re7 Bd6 33. Rh7+
Kg8 34. Re1 Rf6 35. Bc2 d4 36. cxd4 Bxf4+ 37. gxf4 Rxd4+ 38. Kc1 Rfxf4 39.
Re8+ Rf8 40. Rxf8+ Kxf8 41. Rxh6 a5 42. h5 Rh4 43. Bg6 Rh1+ 44. Kc2 Rh2+ 45.
Kc3 Rh3+ 46. Kd2 Rh2+ 47. Ke3 Rxb2 48. Rh8+ Kg7 49. Rh7+ Kg8 50. Ra7 Rxa2 {#R}
0-1

[Event "22nd Hampstead: Under 2200"]
[Site "London, England"]
[Date "2014.10.25"]
[Round "1"]
[White "Potel, Zachary"]
[Black "Wright, Ashley"]
[Result "0-1"]
[WhiteElo "1412"]
[BlackElo "1802"]

1. e4 c6 2. d4 d5 3. exd5 cxd5 4. Nc3 Nf6 5. Nf3 Bg4 6. Be2 Nc6 7. O-O e6 8.
h3 Bh5 9. Re1 Be7 10. Bf4 a6 11. a3 O-O 12. Qd3 Bg6 13. Qe3 Rc8 14. Bd3 Na5
15. Bxg6 hxg6 16. Ne5 Nc4 17. Nxc4 Rxc4 18. Rac1 Nh5 19. Bg3 Nxg3 20. Qxg3
Rxd4 21. Qe3 Rc4 22. Rcd1 Bf6 23. Rd3 Qc7 24. Rb1 d4 25. Qg3 Qxg3 26. Rxg3
dxc3 27. bxc3 b5 28. Rb4 Rfc8 29. Kf1 Rxc3 30. Rxc3 Rxc3 31. Ke2 Rxc2+ 32. Ke3
Rc3+ 33. Ke2 Rxa3 34. Re4 Kf8 35. Kd2 Ra2+ 36. Kc1 Rxf2 37. Rg4 a5 38. Kb1 e5
39. Kc1 Ke7 40. Rg3 Ke6 41. Kd1 a4 42. Ke1 Rb2 43. Kf1 b4 44. Rg4 a3 45. Rxb4
Rxb4 46. Kg1 a2 47. Kh2 e4 48. g3 Rb2+ 49. Kg1 a1=Q# 0-1

[Event "22nd Hampstead: Under 2200"]
[Site "London, England"]
[Date "2014.10.25"]
[Round "1"]
[White "Rubeck, Jonathan"]
[Black "Desai, Nilomi"]
[Result "1-0"]
[WhiteElo "1800"]
[BlackElo "1405"]

1. e4 c6 2. d4 d5 3. f3 e6 4. Be3 Nd7 5. Bd3 Qb6 6. b3 c5 7. Ne2 Ne7 8. O-O
Nc6 9. c3 g6 10. Nd2 Bg7 11. dxc5 Nxc5 12. b4 Nxb4 13. cxb4 Bxa1 14. Bxc5 Qc7
15. Qxa1 Rg8 16. Nd4 b6 17. Nb5 Qd7 18. Nd6+ Kd8 19. Qf6+ Kc7 20. Bb5 Qd8 21.
Qxf7+ Bd7 22. Bxd7 Qxd7 23. Nb5+ Kc6 24. Nd4+ Kc7 25. Nxe6+ Kc8 26. Qxg8+ Kb7
27. Qg7 Qxg7 28. Nxg7 bxc5 29. bxc5 dxe4 30. Nxe4 Rg8 31. Ne6 Re8 32. Nd6+ Kc6
33. Nxe8 Kd7 34. N8c7 Kc6 35. Rd1 Kb7 36. Rd6 a5 37. c6+ Kb6 38. Nd5+ Ka7 39.
c7 Kb7 40. Rd8 Ka7 41. c8=Q a4 42. Qa8# 1-0

[Event "22nd Hampstead: Under 2200"]
[Site "London, England"]
[Date "2014.10.25"]
[Round "1"]
[White "Klingher, Cameron"]
[Black "Chapman, Nigel"]
[Result "0-1"]
[WhiteElo "1405"]
[BlackElo "1769"]

1. d4 Nf6 2. c4 e6 3. Nc3 d5 4. Nf3 Be7 5. Bf4 O-O 6. e3 Nbd7 7. Qb3 c6 8. Ne5
Qb6 9. Nxd7 Bxd7 10. Qxb6 axb6 11. cxd5 Nxd5 12. Nxd5 exd5 13. Bd3 b5 14. a3
Rfe8 15. Rc1 Bf8 16. O-O g6 17. Be5 Bg7 18. Bxg7 Kxg7 19. Rfe1 Bf5 20. Bxf5
gxf5 21. g3 Re6 22. f4 Kf6 23. Kf2 Ra4 24. Red1 Ke7 25. Kf3 Ra8 26. Rh1 Rg6
27. Rcg1 Rag8 28. h3 h5 29. Rg2 Kf6 30. b3 Ke6 31. Rb1 Ra8 32. a4 b4 33. Rc1
Kd7 34. g4 Rag8 35. Rcg1 hxg4+ 36. hxg4 Ke6 37. gxf5+ Kxf5 38. Rxg6 Rxg6 39.
Rh1 Rg8 40. a5 f6 41. Rh7 Rb8 42. Rh5+ Kg6 43. Rh1 Kf5 44. Ra1 Rh8 45. Ra4
Rh3+ 46. Ke2 Ke4 47. Rxb4 Rh2+ 48. Kd1 Kd3 49. Kc1 Kc3 50. Kd1 Kxb4 51. a6
bxa6 52. e4 dxe4 53. d5 cxd5 54. Ke1 d4 55. f5 d3 56. Kd1 Kc3 57. b4 Rh1# 0-1